| LEADER 00000nam 2200000uu 4500 |
| 001 212250 |
| 003 ULIBM |
| 008 020711s2560 th a 000 0 tha d |
| 020 9786167788425
|
| 041 ^atha
|
| 050 4 ฺBQ5020 อ231 2560
|
| 245 อนุสรณ์ คณะอนัมนิกายแห่งประเทศไทยได้รับพระบรมราชานุญาตให้บำเพ็ญกุศลทักษิณานุปทาน (กงเต๊ก) ถวายพระบรมศพ พระบาทสมเด็จพระปรมินทรมหาภูมิพลอดุลยเดช มหิตลาธิเบศรามาธิบดี จักรีนฤบดินทร สยามินทราธิราช บรมนาถบพิตร ณ พระที่นั่งดุสิตมหาปราสาทในพระบรมมหาราชวัง วันอังคารที่ 21 มีนาคม พุทธศักราช 2560/^cคณะสงฆ์อนัมนิกายแห่งประเทศไทย
|
| 246 30 ^aคณะอนัมนิกายแห่งประเทศไทยได้รับพระบรมราชานุญาตให้บำเพ็ญกุศลทักษิณานุปทาน (กงเต๊ก) ถวายพระบรมศพ พระบาทสมเด็จพระปรมินทรมหาภูมิพลอดุลยเดช มหิตลาธิเบศรามาธิบดี จักรีนฤบดินทร สยามินทราธิราช บรมนาถบพิตร ณ พระที่นั่งดุสิตมหาปราสาทในพระบรมมหาราชวัง วันอังคารที่ 21 มีนาคม พุทธศักราช 2560
|
| 250 พิมพ์ครั้งที่ 1
|
| 260 กรุงเทพฯ :^bบริษัทอมรินทร์พริ้นติ้งแอนด์พับลิชชิ่ง จำกัด (มหาชน),^c2560
|
| 300 239 หน้า^bภาพประกอบ;^c26 ซม.
|
| 650 4 กงเต๊ก
|
| 650 4 ^aพิธีศพ^xพุทธศาสนา
|
| 999 ^aใช้งานได้ทุกระบบ
|